00322 a2200109 4500001000700000040003200007100003700039245010500076250000900181260001300190362000900203125866 cEscola Canadense de Niteroi aNew York Department of Education10aDanielson 2013 Rubric: Adapted to New York Department of Education Framework for Teaching Components a2013 aNew York0 a2013